| Tag |
First Indicator |
Second Indicator |
Subfields |
| LEADER |
00000cam a2200000 i 4500 |
| 001 |
in00004563021 |
| 008 |
140729s2015 nyua b 001 0beng |
| 005 |
20220413144850.0 |
| 010 |
|
|
|a 2014029920
|
| 035 |
|
|
|a (OCoLC)ocn885092736
|
| 040 |
|
|
|a DLC
|b eng
|e rda
|c DLC
|d IG#
|d UPZ
|d YDXCP
|d BTCTA
|d BDX
|d XFF
|d OQX
|d OCLCF
|d VLR
|d OCL
|d OCLCQ
|d T7L
|d CUD
|d NLGGC
|d SFR
|d VTU
|d OCLCQ
|d OCLCO
|d JDP
|d OCLCO
|d MLSOD
|d OCL
|d OCLCA
|d OCLCQ
|d OCLCO
|d CNCCA
|d OCLCO
|d TXA
|
| 015 |
|
|
|a GBB4C2777
|2 bnb
|
| 019 |
|
|
|a 869437943
|a 902661507
|a 907794513
|a 1237737231
|
| 020 |
|
|
|a 9780871404374
|q (hardcover)
|
| 020 |
|
|
|a 0871404370
|q (hardcover)
|
| 020 |
|
|
|a 9781631490958
|
| 020 |
|
|
|a 1631490958
|
| 024 |
8 |
|
|a 40024295842
|
| 035 |
|
|
|a (OCoLC)885092736
|z (OCoLC)869437943
|z (OCoLC)902661507
|z (OCoLC)907794513
|z (OCoLC)1237737231
|
| 037 |
|
|
|b W W Norton & Co Inc, Keystone Industrial Park Attn Mike Charnogursky 800 Keystone Industrial Park, Scranton, PA, USA, 18512
|n SAN 202-5795
|
| 042 |
|
|
|a pcc
|
| 043 |
|
|
|a n-us---
|
| 050 |
0 |
0 |
|a N406.W34
|b G44 2015
|
| 082 |
0 |
0 |
|a 709.2
|a B
|2 23
|
| 100 |
1 |
|
|a Gefter, Philip,
|e author.
|
| 245 |
1 |
0 |
|a Wagstaff, before and after Mapplethorpe :
|b a biography /
|c Philip Gefter.
|
| 250 |
|
|
|a First edition.
|
| 264 |
|
1 |
|a New York :
|b Liveright Publishing Corporation,
|c [2015]
|
| 300 |
|
|
|a xvii, 458 pages :
|b illustrations ;
|c 24 cm
|
| 336 |
|
|
|a text
|b txt
|2 rdacontent
|
| 337 |
|
|
|a unmediated
|b n
|2 rdamedia
|
| 338 |
|
|
|a volume
|b nc
|2 rdacarrier
|
| 504 |
|
|
|a Includes bibliographical references and index.
|
| 505 |
0 |
|
|a Dragged mass displacement -- The crossing -- Be here now -- Jardin des nabi -- Kama sutra, baby -- From minimalism to Mapplethorpe -- Transformation -- Circles of influence -- Luxe, calme, et volupte -- The inamorato -- Let the games begin -- Applause -- Back to Pompeii -- The arriviste -- The pictures generation -- Whispers of the muse -- The glimmer and the gloom -- Gardenias, fragrant, floating.
|
| 520 |
|
|
|a Sam Wagstaff, the legendary curator, collector, and patron of the arts, emerges as a cultural visionary in this groundbreaking biography in which Wagstaff's largely overlooked influence on the world of contemporary art and photography, and on the evolution of gay identity in the latter part of the twentieth century, is portrayed.
|
| 500 |
|
|
|a The Cushing Library/Women & Gender Studies copy was acquired as part of The Don Kelly Research Collection of Gay Literature and Culture.
|5 TXA
|
| 600 |
1 |
0 |
|a Wagstaff, Samuel J.,
|c Jr.,
|d 1921-1987.
|
| 600 |
1 |
0 |
|a Wagstaff, Samuel J.,
|c Jr.,
|d 1921-1987
|x Friends and associates.
|
| 600 |
1 |
0 |
|a Mapplethorpe, Robert
|x Friends and associates
|v Biography.
|
| 650 |
|
0 |
|a Art museum curators
|z United States
|v Biography.
|
| 650 |
|
0 |
|a Art
|x Collectors and collecting
|z United States.
|
| 600 |
1 |
7 |
|a Wagstaff, Samuel J.,
|c Jr.,
|d 1921-1987
|2 fast
|0 (OCoLC)fst00057043
|
| 650 |
|
7 |
|a Art
|x Collectors and collecting.
|2 fast
|0 (OCoLC)fst00815195
|
| 650 |
|
7 |
|a Art museum curators.
|2 fast
|0 (OCoLC)fst00815624
|
| 650 |
|
7 |
|a Friendship.
|2 fast
|0 (OCoLC)fst00935174
|
| 651 |
|
7 |
|a United States.
|2 fast
|0 (OCoLC)fst01204155
|
| 655 |
|
4 |
|a Biography.
|
| 655 |
0 |
7 |
|c v
|a Biographies.
|2 aat
|
| 655 |
|
7 |
|a Biographies.
|2 fast
|0 (OCoLC)fst01919896
|
| 655 |
|
7 |
|a Biographies.
|2 lcgft
|
| 938 |
|
|
|a Brodart
|b BROD
|n 108631168
|
| 938 |
|
|
|a Baker and Taylor
|b BTCP
|n BK0014392034
|
| 938 |
|
|
|a Ingram
|b INGR
|n 9780871404374
|
| 938 |
|
|
|a YBP Library Services
|b YANK
|n 11608970
|
| 938 |
|
|
|a YBP Library Services
|b YANK
|n 12270731
|
| 029 |
1 |
|
|a AU@
|b 000053635459
|
| 029 |
1 |
|
|a AU@
|b 000056462194
|
| 029 |
1 |
|
|a NLGGC
|b 402322630
|
| 029 |
1 |
|
|a NZ1
|b 15777083
|
| 029 |
1 |
|
|a UKDEL
|b 135329612
|
| 029 |
1 |
|
|a UNITY
|b 135329612
|
| 029 |
1 |
|
|a AU@
|b 000064274731
|
| 994 |
|
|
|a Z0
|b TXA
|
| 948 |
|
|
|h HELD BY TXA - 436 OTHER HOLDINGS
|
| 999 |
f |
f |
|s b9bd37b6-7f32-4a33-8891-78fe2c41d50a
|i b9bd37b6-7f32-4a33-8891-78fe2c41d50a
|t 0
|
| 952 |
f |
f |
|p noncirc
|a Texas A&M University
|b College Station
|c Cushing Memorial Library & Archives
|d Cushing: Women & Gender Studies (Does not check out)
|t 0
|e N406.W34 G44 2015
|h Library of Congress classification
|i unmediated -- volume
|
| 998 |
f |
f |
|a N406.W34 G44 2015
|t 0
|l Cushing: Women & Gender Studies (Does not check out)
|